000 00252nam a2200109Ia 4500
008 190216s9999||||xx |||||||||||||| ||und||
100 _aWinter Bottom
245 0 _aSome Traveles Of Living Stone
260 _bLongmans
650 _aEnglish
942 _cBK
999 _c11828
_d11828